000 00212 a2200097 4500
001 13863
100 _aWilley B
245 _aThe Seventeen Century
260 _aLondon
_bChatto & Windus
_c
090 _c10835
_d10835
942 _aNUST-CAE
_cM
_c931
999 _c248936
_d248936